000 00286nam a22001337a 4500
008 180124b xxu||||| |||| 00| 0 eng d
020 _a9780966886801
041 _aeng
080 _a338
100 _a53
101 _aMNG
245 _aReal Time Coaching
_cErnst, R
942 _2udc
_cBK
999 _c40815
_d40815